000 00664nam a2200181Ia 4500
008 151018s9999 xx 000 0 und d
082 _bRBASDV9574
_a891.461
100 _aग दि माडगुळकर
245 _aगदिमा साहित्य नवनीत
250 _b1
260 _bप्रेस्टीज पब्लिकेशन पुणे
_c1969
300 _a399
600 _aग दि माडगुळकर
630 _aगदिमा साहित्य नवनीत
700 _aग दि माडगुळकर
730 _aगदिमा साहित्य नवनीत
942 _cBOOK
999 _c1011938
_d1011935